01489nam a22002417a 4500003000400000005001700004008004100021020001800062040001500080041000800095082002100103100005200124245007600176250002400252260007600276300006100352505069400413650002301107650002501130650002401155650002601179700004201205OSt20251202122329.0251202s2025 cr|ao|||||||| 00| 0 spa d a9789968530736 bspacLADOV aspa04a709.728.6bH557r1 aHernández Villalobos, Efraínd1948-,eautor10aReflexiones sobre arte costarricense / cEfraín Hernandez Villalobos. a[Primera edición] aCosta Rica : bFundación Museos Banco Central de Costa Rica,c[2025]. a213p : bfotografías e ilustraciones a color ; c24 cm00tPresentación t -- Introducciónt-- 1. Orientación expresionista, pintura joven costarricense y tradición nacional.t-- 2. Pasaje hacia el modernismo: pinturas y esculturas costarricenses del periodo 1864-1959.t-- 3.Curaduría e investigación en Artes Visuales: itinerario de los proyectos "Fabio Herrera: Gesto, signo, materia", "Imágenes de Mujeres" e "Imágenes de Hombres". t-- 4. Pioneros de los estudios comprensivos del arte costarricense I: Ricardo Ulloa Barrenechea y Luis Ferrero Acosta. t-- 5. Pioneros de los estudios comprensivos del arte II: Carlos Francisco Echeverría.t-- Epílogo: Conversación con Efraín Hernández.t-- Catálogo de imágenes.04aArte costarricense04aHistoriazCosta Rica04aPinturazCosta Rica04aEsculturazCosta Rica1 aMonge Picado, María Joséeeditora